50 Biggest Cities in China, India, and the USA - Statistics

General Stats
  • This quiz has been taken 3,576 times
    2,360 since last reset
  • The average score is 35 of 50
Answer Stats
Country Population City % Correct
USA 23.1 m New York City
98%
China 20.9 m Beijing
97%
India 33.4 m Delhi
97%
USA 17.7 m Los Angeles
97%
China 40.0 m Shanghai
97%
India 26.6 m Mumbai
96%
USA 9.90 m Chicago
93%
China 67.8 m Guangzhou
92%
India 17.4 m Kolkata
90%
USA 7.05 m Houston
88%
USA 7.95 m San Francisco
88%
USA 7.55 m Dallas
87%
USA 6.45 m Miami
87%
USA 7.85 m Boston
85%
China 11.8 m Wuhan
85%
USA 8.80 m Washington, D.C.
84%
India 13.7 m Bangalore
83%
China 12.3 m Xi'an
83%
India 12.2 m Chennai
82%
USA 7.55 m Philadelphia
82%
India 11.1 m Hyderabad
80%
China 16.6 m Chengdu
79%
China 10.5 m Chongqing
77%
China 7.30 m Hong Kong
77%
USA 6.10 m Atlanta
76%
China 11.4 m Tianjin
76%
India 9.30 m Ahmedabad
74%
China 14.5 m Xiamen
73%
USA 5.85 m Detroit
71%
China 9.05 m Nanjing
70%
India 7.55 m Pune
67%
China 13.4 m Hangzhou
66%
China 5.40 m Harbin
63%
China 7.25 m Qingdao
58%
India 7.45 m Surat
55%
China 10.5 m Changsha
54%
China 8.55 m Shenyang
54%
China 9.45 m Zhengzhou
52%
China 7.50 m Hefei
49%
China 5.15 m Dalian
48%
China 6.25 m Kunming
48%
China 5.10 m Nanning
43%
China 6.35 m Jinan
41%
China 8.00 m Shantou
40%
China 7.10 m Ningbo
38%
China 5.10 m Wenzhou
37%
China 4.90 m Changchun
30%
China 6.00 m Shijiazhuang
30%
China 5.75 m Taiyuan
28%
China 4.85 m Guiyang
22%
No matching quizzes found
Score Distribution
Percent of People with Each Score
Percentile by Number Answered
Your Score History
You have not taken this quiz since the last reset